00567 2200205 4500001002100000005001700021008004100038035002500079040001200104082002000116084002000136090002000156100001200176245005000188260004000238300002900278650002000307850001200327990002200339INLIS00000000000304120150402082337.0  a0010-041500000000107 aYOPDYOG aDEP 796.6 Her P aDEP 796.6 Her P aDEP 796.6 Her P aHERMANU aPit onthel 2010 : indische fietsen /cHermanu aYogyakarta :bBentara Budaya,c2010 a224 hlm.:bilus.;c21 cm aOlahraga Sepeda aYOPDYOG aCB-D.11 2010-2417